A plan for IRRI's third decade

שמור ב:
מידע ביבליוגרפי
מחבר ראשי: IRRI
פורמט: ספר
שפה:Undetermined
יצא לאור: Manila IRRI 1982
נושאים:
תגים: הוספת תג
אין תגיות, היה/י הראשונ/ה לתייג את הרשומה!
Thư viện lưu trữ: Trung tâm Học liệu Trường Đại học Cần Thơ
LEADER 00529nam a2200193Ia 4500
001 CTU_7990
008 210402s9999 xx 000 0 und d
020 |b Đề nghị Lưu hành không cho vào Lưu trữ 
082 |a 633.18 
082 |b P699 
100 |a IRRI 
245 2 |a A plan for IRRI's third decade 
245 0 |c IRRI 
260 |a Manila 
260 |b IRRI 
260 |c 1982 
650 |a rice 
904 |i Nguyễn Quang Điền, 960909 
980 |a Trung tâm Học liệu Trường Đại học Cần Thơ